تحليل البيانات باستخدام إكسيل 2002 ميني بايبل = (رقم التسجيلة. 9204)

تفاصيل مارك
000 -الفاتح
حقل البيانات ثابتة الطول 01319cam a2200313 a 4500
003 - محدد رقم الضبط
رقم الضبط SA-RiAUC
005 - وقت وتاريخ اخر تعامل مع التسجيلة
رقم الضبط 20150408113840.0
008 - عناصر البيانات ثابتة الطول - معلومات عامة
حقل البيانات ثابتة الطول 040929s2003 ua g 000 0 ara c
020 ## - الرقم الدولى المعيارى للكتب
الرقم الدولى المعيارى للكتاب 9773452158
040 ## - مصدر الفهرسة
وكالة الفهرسة الأصلية KULIB
لغة الفهرسة ara
وكالة النسخ SA-RiAUC
041 1# - رمز اللغة
رمز لغة النص/ المسارات الصوتية أو العنوان الانفرادي ara
رمز لغة الترجمات و/او الاصلية المتوسطة للنص und
082 04 - رقم تصنيف ديوى العشرى
رقم التصنيف 005.369
رقم الطبعة 21
رقم المادة ب ك ت
100 1# - المدخل الرئيسى - إسم شخصى
الإسم الشخصى براج، كاري ن
9 (RLIN) 17359
245 10 - بيان العنوان
العنوان تحليل البيانات باستخدام إكسيل 2002 ميني بايبل =
بقية العنوان Data analysis using excel 2002 mini bible /
بيان المسئوليه,etc كاري براج، جون واكينباج، برايان أندرداهل ؛ ترجمة خالد العامري.
246 31 - العنوان الموازى
عنوان صحيح/عنوان مختصر Data analysis using excel 2002 mini bible
246 30 - العنوان الموازى
عنوان صحيح/عنوان مختصر إكسيل 2002
250 ## - بيان الطبعة
بيان الطبعة ط. 1.
260 ## - PUBLICATION, DISTRIBUTION, ETC. (IMPRINT)
مكان الناشر او الموزع القاهرة :
اسم الناشر او الموزع دار الفاروق للنشر والتوزيع،
تاريخ النشر أو التوزيع 2003
300 ## - الوصف المادى
التعداد ص. ؛
أبعاد الوعاء 24 سم.
630 07 - المدخل الاضافى بالموضوع - عنوان موحد
عنوان موحد مايكروسوفت إكسل
مصدر الرأس أو المصطلح aucsh
9 (RLIN) 15529
650 #7 - المدخل الاضافى بالموضوع-مصطلح موضوعى
مصطلح موضوعي أو اسم جغرافي كعنصر مدخل جداول البيانات الإلكترونية
مصدر الرأس أو المصطلح aucsh
700 1# - المدخل الاضافى - اسم شخصى
الإسم الشخصى واكينباج، جون
9 (RLIN) 17360
700 1# - المدخل الاضافى - اسم شخصى
الإسم الشخصى أندرداهل، بريان
9 (RLIN) 17361
700 1# - المدخل الاضافى - اسم شخصى
الإسم الشخصى العامري، خالد فاروق
الدور مترجم.
942 ## - عناصر المدخل الإضافي( كوها)
مصدر التصنيف او مخطط الترفيف Dewey Decimal Classification
Koha [default] item type DVD
949 ## - معلومات معالجة محلية(OCLC)
a KULIB
d 20 / 02 / 2009
i 147119
n 1
u system.
949 ## - معلومات معالجة محلية(OCLC)
a KULIB
d 20/02/2009
i 147119
n 1
t DDC
u system.
949 ## - معلومات معالجة محلية(OCLC)
a ARUC
n 1
d 2011/7/13
u training
المقتنيات
حالة الفقد نموذج السعر الفعال حالة تلف ليس للاعارة رقم الطلب تاريخ الاكتساب الموقع الحالي الباركود الفرع الرئيسي Date last seen نوع المادة فى نظام كوها مصدر التصنيف او خطة الترفيف Total Checkouts
  2013-03-10     005.369 ب ك ت 2011-09-11 المكتبة المركزية بالمجمعة (CL) 00041911 المكتبة المركزية بالمجمعة (CL) 2013-03-10 كتاب Dewey Decimal Classification  
  2013-03-10     005.369 ب ك ت 2011-09-11 المكتبة المركزية بالمجمعة (CL) 00041909 المكتبة المركزية بالمجمعة (CL) 2013-03-10 كتاب Dewey Decimal Classification  
  2013-03-10     005.369 ب ك ت 2011-09-11 المكتبة المركزية بالمجمعة (CL) 00041908 المكتبة المركزية بالمجمعة (CL) 2013-03-10 كتاب Dewey Decimal Classification